000 00259nam a22001217a 4500
008 170414b xxu||||| |||| 00| 0 eng d
041 _aeng
080 _a618
100 _a10
101 _aSHM
245 _aBEYOND ABSURDITY
_cTRUNDLE,R,C
942 _2udc
_cBK
999 _c10870
_d10870